|
|
|
|
| LEADER |
00000cam a2200000 7i4500 |
| 001 |
0000003618 |
| 005 |
20080114.0 |
| 020 |
0 |
0 |
|a 9833423639
|
| 090 |
0 |
0 |
|a 297.5
|b QAR
|
| 100 |
1 |
0 |
|a Al-Qarni, 'Aidh Abdullah
|
| 245 |
1 |
0 |
|a Beginilah zaman memotivasikan kita
|c Aidh Abdullah Al-qarni
|
| 260 |
0 |
0 |
|a Kuala Lumpur :
|b Jasmin Enterprises ,
|c 2006
|
| 300 |
|
|
|a xxi, 489ms. ;
|c 22cm.
|
| 500 |
0 |
0 |
|a Mengandungi ayat-ayat dari Quran, Penulis buku best seller "La Tahzan"
|
| 650 |
0 |
0 |
|a Motivation (Psychology)
|
| 650 |
0 |
0 |
|a Religious life
|x Islam
|
| 650 |
0 |
0 |
|a Success
|x Religious aspects
|x Islam
|
| 999 |
|
|
|a 0000006906
|b Monograph
|c Open Shelf
|e Default branch
|